00388nam a2200121Ia 4500008004100000100002500041245001700066245003300083260000900116856004900125999001900174952007300193160531s9999 xx 000 0 und d aDubey, Raghvendra K. aSex Hormones cby Raghvendra K. Dubey (ed.) c2012 uhttp://www.intechopen.com/books/sex-hormones c295480d295480 001040aCLbCLd2016-05-31l0r2016-05-31 00:00:00w2016-05-31yCBE